| 000 | 01331cam a2200361 i 4500 | ||
|---|---|---|---|
| 001 | 19560455 | ||
| 003 | EG-ScBUE | ||
| 005 | 20220222093259.0 | ||
| 008 | 170317t2015 enka f b 000 0 eng d | ||
| 020 | _a9780128035191 | ||
| 035 | _a(OCoLC)ocn909329794 | ||
| 040 |
_aBTCTA _beng _erda _cNLM _dBTCTA _dYDXCP _dCDX _dLTSCA _dOCLCF _dBDX _dDLC _dEG-ScBUE |
||
| 082 | 0 | 4 |
_a615.19 _222 _bRED |
| 100 | 1 |
_aRedasani, Vivekkumar K., _eauthor. |
|
| 245 | 1 | 0 |
_aProdrug design : _bperspectives, approaches and applications in medicinal chemistry / _cVivekkumar K. Redasani, Sanjay B. Bari. |
| 264 | 1 |
_aLondon ; _aSan Diego, CA, USA : _bAcademic Press is an imprint of Elsevier, _c[2015] |
|
| 264 | 4 | _cc2015 | |
| 300 |
_ax, 72 pages : _billustrations ; _c23 cm |
||
| 336 |
_atext _btxt _2rdacontent |
||
| 337 |
_aunmediated _bn _2rdamedia |
||
| 338 |
_avolume _bnc _2rdacarrier |
||
| 504 | _aIncludes bibliographical references. | ||
| 650 | 7 |
_aProdrugs. _2BUEsh |
|
| 650 | 7 |
_aDrugs _xDesign. _2BUEsh |
|
| 650 | 7 |
_aPharmaceutical chemistry. _2BUEsh |
|
| 653 |
_bPPhrm _cFebruary2022 |
||
| 655 |
_vReading book _934232 |
||
| 700 | 1 |
_aBari, Sanjay B., _eauthor. |
|
| 906 |
_a7 _bcbc _cpccadap _d2 _encip _f20 _gy-gencatlg |
||
| 942 |
_2ddc _cBB |
||
| 999 |
_c29805 _d29776 |
||